Ancient Egyptian literature : history and forms /
Other Authors:
Format: Book
Language:
English
German
French
Published:
Leiden ; New York :
E.J. Brill,
1996.
Series:
Probleme der Agyptologie,
10.
PdA ;
10.
Subjects:
Tags: Add Tag
Call Number: DT57 .P92 v.10
| LEADER | 01012cam a2200301 i 4500 | ||
|---|---|---|---|
| 001 | ocm35249464 | ||
| 003 | OSt | ||
| 005 | 20260421093940.0 | ||
| 008 | 960809s1996 ne a b 001 0 eng | ||
| 010 | |a 96033629 | ||
| 020 | |a 9004099255 |q (cloth ; |q alk. paper) | ||
| 020 | |a 9789004099258 |q (cloth ; |q alk. paper) | ||
| 040 | |c ARCE Library | ||
| 041 | 0 | |a eng |a ger |a fre | |
| 043 | |a f-ua--- | ||
| 050 | 4 | |a DT57 .P92 v.10 | |
| 245 | 0 | 0 | |a Ancient Egyptian literature : |b history and forms / |c edited by Antonio Loprieno. |
| 264 | 1 | |a Leiden ; |a New York : |b E.J. Brill, |c 1996. | |
| 300 | |a xvi, 726 pages : |b illustrations ; |c 25 cm. | ||
| 490 | 0 | |a Probleme der Agyptologie, |x 0169-9601 ; |v 10. | |
| 490 | 0 | |a PdA ; |v 10. | |
| 504 | |a Includes bibliographical references (p. [629]-691) and indexes. | ||
| 546 | |a Articles in English, German, and French. | ||
| 650 | 0 | |a Egyptian literature |x History and criticism. | |
| 700 | 1 | |a Loprieno, Antonio, |e editor | |
| 901 | |a reviewed | ||
| 942 | |2 lcc |c BK | ||
| 999 | |c 55610 |d 55610 | ||
